| 000 | 00000nas##2200000za#4500 |
| 001 | 9.512300 |
| 003 | CaOODSP |
| 005 | 20200331215205 |
| 007 | ta |
| 008 | 150406c1989||||xxc|| p #||||f| |0eng|d |
| 022 | |a0846-6351 |
| 040 | |aCaOODSP|beng |
| 041 | |aeng |
| 041 | |afre |
| 043 | |an-cn--- |
| 086 | 1 |aSE1-1/1 |
| 110 | 1 |aCanada.|bElections Canada. |bChief Electoral Officer of Canada. |
| 245 | 10|aReport of the Chief Electoral Officer of Canada on the general election of ... |
| 260 | |aOttawa - Ontario : |bElections Canada. |
| 300 | |aEnglish text, ; |c28 cm. |
| 310 | |aIrregular |
| 362 | 1 |a1988-- |
| 520 | 3 |aDescribes the highlights in the administration of recent elections and include preliminary voting results. They also provide a general account of Elections Canada's activities since the previous election. |
| 563 | |aSoftcover |
| 690 | 07|aElections|2gcpds |
| 776 | 0#|tReport of the Chief Electoral Officer of Canada on the ... general election |w(CaOODSP)9.506880 |
| 792 | |tRapport du directeur général des élections du Canada sur la élection générale du ... |efre|w(CaOODSP)9.512301 |